Strategic management (Бичлэгийн дугаар. 145619)
| 000 -УДИРДЛАГА | |
|---|---|
| Удирдлага | 01038nam a22003017a 4500 |
| 003 - ХЯНАЛТЫН ТОО ТОДОРХОЙЛОГЧ | |
| Код | MN-UlNUM |
| 005 - БИЧИЛТ ХИЙСЭН ОГНОО | |
| Тухайн бичилтийг бичсэн засварласан сүүлийн огноо | 20260123154033.0 |
| 008 - ЕРӨНХИЙ МЭДЭЭЛЭЛ | |
| Ерөнхий мэдээлэл | 251117b xxu||||| |||| 00| 0 mon d |
| 020 ## - ISBN | |
| ISBN | 007287290X |
| 040 ## - БИЧЛЭГ ҮҮСГЭГЧ БАЙГУУЛЛАГА | |
| Бичлэг үүсгэгч номын сангийн код | МУИС-ийн номын сан |
| 084 ## - ББК АНГИЛАЛ | |
| Нэмэлт тусгалт | Гарын авлага |
| ББК ангилал | 65.290-2 |
| Зохиогчийн гурван тэмдэгт | D 46 |
| Мэдлэгийн ялгаа | 65 - Эдийн засаг |
| 100 1# - ЗОХИОГЧ | |
| Зохиогчийн нэр | Dess, Gregory G. |
| 245 10 - ҮНДСЭН ГАРЧИГ | |
| Номын нэр | Strategic management |
| Оролцогчдын тухай мэдээ | Gregory G. Dess, G.T. Lumpkin, Marilyn L. Taylor. |
| Бага гарчгийн мэдээ | Creating competitive advantages |
| 250 ## - ДАХИН ХЭВЛЭЛТ | |
| Дахин гаралтын дугаар | 2nd ed. |
| 260 ## - ГАРАЛТЫН МЭДЭЭ | |
| Хэвлэгдсэн газар | Boston : |
| Хэвлэлийн газар | McGraw-Hill/Irwin, |
| Хэвлэгдсэн он | 2005. |
| 300 ## - МАТЕРИАЛЫН ТОДОРХОЙЛОЛТ | |
| хуудасны тоо | xxix, 530 p. : |
| Бусад тоон мэдээлэл | ill. (some col.) ; |
| Хэмжээ | 26 cm. |
| 500 ## - Тайлбар | |
| Дансны дугаар | БС 2122 |
| 546 ## - ХЭЛНИЙ ТУХАЙ МЭДЭЭ | |
| Хэл | Англи хэл дээр, |
| 653 ## - Түлхүүр үг | |
| Түлхүүр үг | strategic planning |
| 700 1# - ХАМ ЗОХИОГЧИД | |
| Ба бус | Lumpkin, G. T. |
| 700 1# - ХАМ ЗОХИОГЧИД | |
| Ба бус | Taylor, Marilyn L. |
| 740 ## - НОМЫН ГАРЧИГ | |
| Гарчиг | Strategic Management: Greating Competitive Advantages |
| 740 ## - НОМЫН ГАРЧИГ | |
| Гарчиг | Analyzing the External Environment of the firm |
| 740 ## - НОМЫН ГАРЧИГ | |
| Гарчиг | Assessing the Internal Environment of the firm |
| 740 ## - НОМЫН ГАРЧИГ | |
| Гарчиг | Recognizing a Firm s Intellectual Assets: Moving beyond a Firm s Tangible Resources |
| 942 ## - ЭЛЕМЕНТИЙН ТӨРӨЛ | |
| Зүйлийн төрөл | Ном |
